The solar system / (Record no. 8455)

MARC details
000 -LEADER
fixed length control field 00839nam a22002897a 4500
001 - CONTROL NUMBER
control field 8455
003 - CONTROL NUMBER IDENTIFIER
control field FISKH
005 - DATE AND TIME OF LATEST TRANSACTION
control field 20250912124122.0
008 - FIXED-LENGTH DATA ELEMENTS--GENERAL INFORMATION
fixed length control field 250912b cb ||||| |||| 00| 0 eng d
020 ## - INTERNATIONAL STANDARD BOOK NUMBER
International Standard Book Number 9780736834599
040 ## - CATALOGING SOURCE
Original cataloging agency FISKH
Language of cataloging eng
Transcribing agency FISKH
Modifying agency FISKH
050 ## - LIBRARY OF CONGRESS CALL NUMBER
Classification number QB501.V64
082 ## - DEWEY DECIMAL CLASSIFICATION NUMBER
Classification number 523.2
100 ## - MAIN ENTRY--PERSONAL NAME
Personal name Vogt, Gregory L.
245 ## - TITLE STATEMENT
Title The solar system /
Statement of responsibility, etc. by Gregory L. Vogt
260 ## - PUBLICATION, DISTRIBUTION, ETC.
Place of publication, distribution, etc. Mankato , Minnesota :
Name of publisher, distributor, etc. Bridgestone Books ,
Date of publication, distribution, etc. 2003.
300 ## - PHYSICAL DESCRIPTION
Extent 24 pages :
Other physical details color illustrations ;
Dimensions 20 cm.
490 ## - SERIES STATEMENT
Series statement Galaxy
505 ## - FORMATTED CONTENTS NOTE
Formatted contents note P <br/>
520 ## - SUMMARY, ETC.
Summary, etc. Describes the Sun, planets, and other objects in the solar system.
521 8# - TARGET AUDIENCE NOTE
Target audience note 670 <br/>
Source Lexile <br/>
521 8# - TARGET AUDIENCE NOTE
Target audience note P <br/>
Source Raz-Plus <br/>
650 ## - SUBJECT ADDED ENTRY--TOPICAL TERM
Topical term or geographic name entry element Solar system
Form subdivision Non-fiction
700 ## - ADDED ENTRY--PERSONAL NAME
Personal name Winrich, Ralph
Relator term Consultant
942 ## - ADDED ENTRY ELEMENTS (KOHA)
Source of classification or shelving scheme Dewey Decimal Classification
Koha item type Books
Suppress in OPAC No
Holdings
Withdrawn status Lost status Source of classification or shelving scheme Damaged status Not for loan Collection Home library Current library Shelving location Date acquired Total Checkouts Full call number Barcode Date last seen Date last checked out Price effective from Koha item type
    Dewey Decimal Classification     Non-Fiction Footprints International School Library Network Toul Tom Poung Campus Footprints International School Library Network Toul Tom Poung Campus TTP Primary Orange Bookshelves 09/12/2025 1 VOG 523.2 QB501.V64 FISTK02677 12/09/2025 10/08/2025 09/12/2025 Books